Mathematics dictionary /
Guardado en:
| Autor Principal: | |
|---|---|
| Otros Autores: | , |
| Formato: | Libro |
| Idioma: | English Multiple |
| Publicado: |
New York :
Van Nostrand Reinhold Co.,
c1976.
|
| Edición: | 4th ed. |
| Materias: | |
| Etiquetas: |
Agregar Etiqueta
Sin Etiquetas, Sea el primero en etiquetar este registro!
|
| LEADER | 00943cam a2200265 i 4500 | ||
|---|---|---|---|
| 001 | MAT.inmabb007077 | ||
| 008 | 760113s1976####nyua#####d####000#0#eng## | ||
| 005 | 20180611163004.0 | ||
| 245 | 1 | 0 | |a Mathematics dictionary / |c James [and] James ; contributors, Armen A. Alchian ... [et al.] ; translators, J. George Adashko ... [et al.]. |
| 250 | |a 4th ed. | ||
| 260 | |a New York : |b Van Nostrand Reinhold Co., |c c1976. | ||
| 300 | |a vii, 509 p. : |b il. ; |c 24 cm. | ||
| 500 | |a Index in French, German, Russian, and Spanish. | ||
| 510 | 4 | |a MR, |c 55 #12400 | |
| 020 | |a 0442240910 | ||
| 100 | 1 | |a James, Glenn, |d 1882- |e ed. | |
| 700 | 1 | |a James, Robert C. |q (Robert Clarke) | |
| 700 | 1 | |a Alchian, Armen Albert, |d 1914- | |
| 650 | 0 | |a Mathematics |x Dictionaries |x Polyglot. | |
| 650 | 0 | |a Dictionaries, Polyglot. | |
| 084 | |a 00A20 |2 msc2010 | ||
| 010 | |a 76000233 | ||
| 040 | |a DLC |c DLC |d DLC | ||
| 041 | 1 | |a eng |h mul | |
| 859 | |h 00A20 |i J27-4 |p A-6598 |b BIB. MATEMATICA | ||
